| 000 | 01050cad a22002055a 4500 | ||
|---|---|---|---|
| 001 | L156850 | ||
| 008 | 120720s2012 xxk 000 0 eng d | ||
| 035 | _a(Sirsi) u156850 | ||
| 041 | 0 | _aeng | |
| 110 | 2 |
_aColliers International _95548 |
|
| 245 | 0 | 0 |
_aSpecialist property snapshot _bJuly 2012 |
| 260 |
_a[S.l.] _bColliers International _c2012 |
||
| 490 |
_aColliers International Specialist Property Snapshot _vJuly 2012 |
||
| 520 | _aThe UK economy remains stagnant and consumers continue to save and deleverage household balance sheets. Discretionary spending and specialist sector performance will continue to be impacted. Provides an economic overview, and activity analysis in the automotive, healthcare, hotels, recreational, and licensed and leisure sectors. | ||
| 590 | _aNTK KA | ||
| 651 | 4 | _aUnited Kingdom | |
| 690 |
_aCommercial property _96227 |
||
| 856 | 4 | 0 |
_uhttps://www.colliers.com/en-GB/UK/~/media/Files/EMEA/UK/research/market-overview/201207-specialist-property-snapshot.ashx _zView the report at www.colliers.com |
| 942 | _n0 | ||
| 999 |
_c84178 _d84178 |
||